Southville International School and Colleges
Your cart is empty.
  • Cart
  • Lists
    Public lists Eva Luna New books Lux_list list_1
    Your lists Log in to create your own lists
  • Log in to your account
  • Your cookies
  • Search history
Southville International School and Colleges
  • Advanced search
  • Recent comments
  • Most popular
  • Libraries

Log in to your account

Log in with GOOGLE


If you do not have an external account, but do have a local account, you can still log in:

  1. Home
  2. MARC view: Rudder Grange
Normal view MARC view ISBD view

Rudder Grange (Record no. 231350)

[ view plain ]
MARC details
000 -LEADER
fixed length control field 00800cam a22002773a 4500
001 - CONTROL NUMBER
control field 2011
003 - CONTROL NUMBER IDENTIFIER
control field PGUSA
005 - DATE AND TIME OF LATEST TRANSACTION
control field 20140828083009.0
008 - FIXED-LENGTH DATA ELEMENTS--GENERAL INFORMATION
fixed length control field 991201s1999||||xxu|||||s|||||000 1 eng d
040 ## - CATALOGING SOURCE
Original cataloging agency PGUSA
Language of cataloging eng
042 ## - AUTHENTICATION CODE
Authentication code dc
050 #4 - LIBRARY OF CONGRESS CALL NUMBER
Classification number PS
100 1# - MAIN ENTRY--PERSONAL NAME
Personal name Stockton, Frank Richard,
Dates associated with a name 1834-1902
245 10 - TITLE STATEMENT
Title Rudder Grange
Medium [electronic resource] /
Statement of responsibility, etc Frank Richard Stockton
260 ## - PUBLICATION, DISTRIBUTION, ETC. (IMPRINT)
Name of publisher, distributor, etc Project Gutenberg,
Date of publication, distribution, etc 1999
506 ## - RESTRICTIONS ON ACCESS NOTE
Terms governing access Public domain in the USA.
516 ## - TYPE OF COMPUTER FILE OR DATA NOTE
Type of computer file or data note Electronic text
653 ## - INDEX TERM--UNCONTROLLED
Uncontrolled term Housekeeping -- Fiction
653 ## - INDEX TERM--UNCONTROLLED
Uncontrolled term Canal-boats -- Fiction
653 ## - INDEX TERM--UNCONTROLLED
Uncontrolled term Humorous stories
653 ## - INDEX TERM--UNCONTROLLED
Uncontrolled term Husband and wife -- Fiction
653 ## - INDEX TERM--UNCONTROLLED
Uncontrolled term Household employees -- Fiction
830 #0 - SERIES ADDED ENTRY--UNIFORM TITLE
Uniform title Project Gutenberg
Volume number/sequential designation 2011
856 40 - ELECTRONIC LOCATION AND ACCESS
Uniform Resource Identifier <a href="http://www.gutenberg.org/ebooks/2011">http://www.gutenberg.org/ebooks/2011</a>
942 ## - ADDED ENTRY ELEMENTS (KOHA)
Koha item type eBooks
Holdings
Withdrawn status Lost status Damaged status Home library Current library Date acquired Total Checkouts Date last seen Price effective from Koha item type
      Project Gutenberg Project Gutenberg 08/28/2014   08/28/2014 08/28/2014 eBooks

Rudder Grange

APA

Stockton F. R., . (1999). Rudder Grange. : Project Gutenberg.

Chicago

Stockton Frank Richard, . 1999. Rudder Grange. : Project Gutenberg.

Harvard

Stockton F. R., . (1999). Rudder Grange. : Project Gutenberg.

MLA

Stockton Frank Richard, . Rudder Grange. : Project Gutenberg. 1999.

  • Place hold
  • Print
  • Cite
  • Add to your cart (remove)
  • Save record
    BIBTEX Dublin Core MARCXML MARC (non-Unicode/MARC-8) MARC (Unicode/UTF-8) MARC (Unicode/UTF-8, Standard) MODS (XML) RIS
  • More searches
    Search for this title in:
    Other Libraries (WorldCat) Other Databases (Google Scholar) Online Stores (Bookfinder.com) Open Library (openlibrary.org)

Exporting to Dublin Core...

SOUTHVILLE LIBRARY

Southville International School and Colleges Library

1281 Tropical Ave. Cor. Luxembourg St., BF Homes International, Las Pinas City

Tel. No. 8256374 / 252358 Loc. 117/146

Powered by Koha